| 000 | 00581nam a2200205Ii 4500 | ||
|---|---|---|---|
| 003 | JO-AjNU | ||
| 008 | 230606s9999||||xx |||||||||||||| ||und|| | ||
| 020 | _a978-81-317-1882-7 | ||
| 040 |
_aJO-AjNU _beng _erda _cJO-AjNU |
||
| 041 | _aeng | ||
| 050 | 1 | 4 | _aQA76.B76.2009 |
| 100 | 3 |
_aBrualdi,Richard, _eauthor _93835 |
|
| 245 | 0 | 0 | _aintroductory Combingatorics |
| 264 | 3 | 1 | _anew york:pearson,2009 |
| 300 | _a630p | ||
| 336 |
_atext _btxt _2rdacontent |
||
| 337 |
_aunmediated _bn _2rdamedia |
||
| 338 |
_avolume _bnc _2rdacarrier |
||
| 650 | 4 |
_aintroductory Combingatorics _93836 |
|
| 999 |
_aE2000 _c2000 _d2000 |
||